Online
Catalog

La caverna de los antepasados / (Record no. 24326)

MARC details
000 -CABECERA
campo de control de longitud fija 00696nam a2200217 u 4500
001 - NÚMERO DE CONTROL
campo de control 000024833
005 - FECHA Y HORA DE LA ÚLTIMA TRANSACCIÓN
campo de control 20200930023410.0
008 - DATOS DE LONGITUD FIJA--INFORMACIÓN GENERAL
campo de control de longitud fija 110204s1975 ag r 000 0 spa d
040 ## - FUENTE DE LA CATALOGACIÓN
Centro catalogador/agencia de origen DO-SdBNP
Lengua de catalogación spa
Centro/agencia transcriptor BNPHU
041 17 - CÓDIGO DE LENGUA
Código de lengua del texto/banda sonora o título independiente spa
Código de lengua original eng
Fuente del código Código de idiomas MARC
082 ## - NÚMERO DE LA CLASIFICACIÓN DECIMAL DEWEY
Número de clasificación nn*
Número de documento/Ítem nn*
049 ## - FONDOS LOCALES (OCLC)
Fondos de biblioteca BNGR
100 1# - ENTRADA PRINCIPAL--NOMBRE DE PERSONA
Nombre de persona Rampa, Lobsang.
9 (RLIN) 47104
240 14 - TÍTULO UNIFORME
Título uniforme The cave of the ancients.
Lenguaje de la obra Español
245 13 - MENCIÓN DE TÍTULO
Título La caverna de los antepasados /
Mención de responsabilidad, etc. Lobsang Rampa ; traducción de Ines Nieto.
250 ## - MENCIÓN DE EDICIÓN
Mención de edición 25a ed.
260 ## - PUBLICACIÓN, DISTRIBUCIÓN, ETC.
Lugar de publicación, distribución, etc. Buenos Aires :
Nombre del editor, distribuidor, etc. Troquel,
Fecha de publicación, distribución, etc. 1975.
300 ## - DESCRIPCIÓN FÍSICA
Extensión 237 p. ;
Dimensiones 20 cm.
534 ## - NOTA SOBRE LA VERSIÓN ORIGINAL
Encabezamiento principal del original Titulo del original en inglés :
Mención de título del original The cave of the ancients
700 1# - PUNTO DE ACCESO ADICIONAL--NOMBRE DE PERSONA
Nombre de persona Nieto, Ines,
Término indicativo de función/relación tr.
9 (RLIN) 50973
Holdings
Estado de retiro Estado de pérdida Restricciones de uso No para préstamo Código de colección Localización permanente Ubicación/localización actual Ubicación en estantería Fecha de adquisición Número de inventario Total de préstamos Signatura topográfica completa Código de barras Fecha visto por última vez Precio válido a partir de Tipo de ítem Koha
        Monografías: Libros y Folletos General General En catalogación 04.02.2011 LF1   nn* nn* 24833-10 25.06.2020 25.06.2020 Préstamo en sala

Powered by Koha